[Event "Asian Zonal 3.3 2019"]
[Site "Ulaanbaatar"]
[Date "2019.04.07"]
[Round "1.8"]
[White "Gomez, John Paul"]
[Black "Miciano, John Marvin"]
[Result "1-0"]
[WhiteElo "2460"]
[BlackElo "2339"]
[Annotator "TA"]
[PlyCount "71"]
[EventDate "2019.04.07"]
[EventType "swiss"]
[EventRounds "9"]
[EventCountry "MGL"]
[SourceTitle "playchess.com"]
[Source "ChessBase"]
[SourceQuality "1"]

{[%evp 20,71,41,42,39,47,72,72,70,67,75,73,83,98,84,50,68,57,61,0,65,0,57,55,84,73,86,91,104,106,100,124,134,143,139,122,128,127,131,59,53,54,218,-108,0,-54,224,-110,0,-51,243,-88,8,-81]} 1. c4 e5 2. Nc3 Nf6 3. Nf3 d6 4. d4 Nbd7 5. e4 Be7 6. Be2 O-O 7. O-O c6 8. h3 a6 9. Be3 b5 10. a3 Bb7 {A55: Old Indian Defence with Nf3 and e4} 11. Qc2 {LiveBook: 20 Games} exd4 12. Nxd4 Re8 {White is slightly better.} 13. Nf5 Bf8 14. Rfd1 $146 ({Predecessor:} 14. Rad1 Qc7 15. Bf4 Ne5 16. Bg5 Ned7 17. Rd2 g6 18. Nh6+ {½-½ (97) Kantaria,M (2378)-Pivnik,V (2509) Dos Hermanas 2004}) 14... Qb8 15. Bf4 {[%cal Rf4d6]} Ne5 16. Qd2 Re6 17. b4 Nfd7 18. Nd4 Re8 19. Nf5 {[%cal Rf5d6]} Re6 $1 20. Nd4 {[%cal Bf5d4,Bd4b3,Bb3a5][%mdl 32]} Re8 $1 21. Nb3 Qc7 22. Na5 Rac8 23. Rac1 $36 {[%cal Rc4b5][%mdl 2048] Black is under strong pressure.} Qb8 24. c5 {[%cal Bc4c5,Bc5d6,Bd6d7][%mdl 32]} Ba8 25. Bg4 Nxg4 26. hxg4 Ne5 27. cxd6 Rcd8 {[%cal Rd8d6]} 28. d7 Re7 29. Qd6 (29. Bxe5 $6 Qxe5 30. Nb3 (30. f4 Qe6 $15) 30... Rexd7 $14) (29. Ne2 $16) 29... Qxd6 $14 30. Rxd6 {Threatens to win with Rcd1.} Nxg4 $2 (30... Ng6 $1 $14 31. Bg3 (31. Nxc6 Bxc6 32. Bg5 Bb7 $15) 31... Rexd7 32. Rxd7 Rxd7) 31. Be3 $2 (31. Nxc6 $6 Rexd7 32. Rxd7 (32. Nxd8 Bxd6 33. Rd1 Rxd8 $11) 32... Rxd7) (31. Rcd1 $18) 31... Ne5 (31... Rdxd7 32. Bf4 $15) (31... Nxe3 $17 32. fxe3 Rexd7 33. Rxd7 Rxd7) 32. Bf4 (32. f4 $11 Ng4 33. Bd4) 32... Ng4 $2 {[%mdl 8192] [#]} (32... Ng6 $1 $15 33. Be3 Rexd7 34. Rxd7 Rxd7) 33. Be3 $2 ({Much less strong is} 33. Nxc6 $6 Rexd7 34. Rxd7 (34. Nxd8 Bxd6 35. Rd1 Rxd8 $11) 34... Rxd7) (33. Rcd1 $1 $18) 33... Ne5 ({Much weaker is} 33... Rdxd7 $6 34. Bc5 $11) (33... Rexd7 $17 34. Rxd7 Rxd7) 34. Bd4 ({Better is} 34. Bf4 $11) 34... Nd3 $2 {[%mdl 8192]} (34... Rexd7 $15 {keeps the upper hand.} 35. Rxd7 Nxd7) 35. Ra1 $2 (35. Rd1 $18) 35... Nb2 (35... Rdxd7 $17 36. Bc5 Nxc5 37. bxc5 f6) 36. Bb6 {[%mdl 32768] Accuracy: White = 25%, Black = 41%. . Loss on time!?} (36. Ne2 $11 Nc4 37. Nxc4 bxc4 38. Rc1) 1-0

[Event "Asian Zonal 3.3 2019"]
[Site "Ulaanbaatar"]
[Date "2019.04.07"]
[Round "1.9"]
[White "Khatanbaatar, Bazar"]
[Black "Munkhgal, Gombosuren"]
[Result "1-0"]
[WhiteElo "2337"]
[BlackElo "2455"]
[Annotator "TA"]
[PlyCount "91"]
[EventDate "2019.04.07"]
[EventType "swiss"]
[EventRounds "9"]
[EventCountry "MGL"]
[SourceTitle "playchess.com"]
[Source "ChessBase"]
[SourceQuality "1"]

{[%evp 20,91,46,18,16,13,11,12,22,13,4,0,5,2,0,0,2,0,0,-17,-16,-14,-15,-17,-9,-17,-17,-16,-14,-15,-20,-42,-43,-51,-45,-42,-47,-54,0,0,0,0,0,0,0,0,0,0,0,0,159,156,137,40,309,296,245,159,147,104,177,166,152,166,152,117,189,189,187,185,183,181,174,183]} 1. e4 e6 2. d4 d5 3. Nd2 c5 4. Ngf3 cxd4 5. exd5 Qxd5 6. Bc4 Qd6 7. O-O Nf6 8. Nb3 Nc6 9. Nbxd4 Nxd4 10. Qxd4 Bd7 11. Be3 Rc8 {Threatens to win with ...Qxd4. C07: French Tarrasch: 3...c5, 4 Ngf3 and 4 exd5 Qxd5} (11... a6 12. Rad1 Qxd4 13. Bxd4 Rc8 14. Bb3 Bb5 15. Rfe1 Bc5 16. c3 Ke7 17. Bxc5+ Rxc5 18. Nd4 Bd7 19. f3 {½-½ (56) Mamedov,R (2660)-Grischuk,A (2771) Moscow 2010}) 12. Bb3 Qxd4 13. Bxd4 Bc5 {The position is equal.} 14. Rfd1 Ke7 15. Ne5 Bb5 $146 ({Predecessor:} 15... Be8 16. Bxc5+ Rxc5 17. Re1 Nd7 18. Nd3 Rc7 19. Rad1 Nc5 20. Nxc5 Rxc5 21. c3 Bc6 22. Re3 Rd8 23. Rxd8 Kxd8 24. Bc2 Rd5 25. Rd3 Ke7 26. Rxd5 {½-½ (26) Voropaev,G (2329)-Fleischer,F (2195) Gau Algesheim 2011}) 16. f4 Nd7 17. Nxd7 Bxd7 18. c3 h6 19. Bxc5+ Rxc5 20. Rd4 g5 21. Rf1 Bc6 22. Bc2 Rd5 23. Rxd5 Bxd5 $11 {[%mdl 4096] Endgame KRB-KRB} 24. f5 e5 25. f6+ Kd6 26. b3 b5 27. Bf5 e4 28. Kf2 $1 e3+ ({Black should try} 28... Ke5 $15 29. Ke3 Rd8) 29. Kxe3 Bxg2 30. Rf2 $1 {[%cal Rf2g2]} Bc6 31. Kd4 h5 32. c4 bxc4 33. bxc4 {[%cal Bb3c4,Bc4c5][%mdl 32] aiming for Re2.} Re8 34. Bd3 Re1 $2 (34... g4 $11) 35. c5+ $1 $16 Kd7 {[#]} 36. Rf5 (36. Bc4 $1 $16) 36... g4 $2 {[%mdl 8192]} (36... Rd1 $1 $14) 37. Rxh5 $18 Rd1 38. Kc3 Rc1+ 39. Kb2 Rh1 (39... Rg1 $16) 40. Bf5+ {[%mdl 64] Double Attack} Kc7 41. Bxg4 Rf1 42. Re5 {Strongly threatening Re7+.} Rxf6 {[#]} (42... Rf4 $16) 43. Rf5 $1 {[%cal Rf5f6] White is clearly better.} Rh6 44. Rxf7+ Kb8 45. Rf2 Rg6 46. h3 {Accuracy: White = 68%, Black = 63%.} 1-0

[Event "Asian Zonal 3.3 2019"]
[Site "Ulaanbaatar"]
[Date "2019.04.07"]
[Round "1.10"]
[White "Batsuren, Dambasuren"]
[Black "Lkhagvasuren, Tsedvee"]
[Result "1/2-1/2"]
[WhiteElo "2444"]
[BlackElo "2336"]
[Annotator "TA"]
[PlyCount "94"]
[EventDate "2019.04.07"]
[EventType "swiss"]
[EventRounds "9"]
[EventCountry "MGL"]
[SourceTitle "playchess.com"]
[Source "ChessBase"]
[SourceQuality "1"]

{[%evp 24,94,52,48,65,54,54,46,47,42,37,30,67,48,61,25,65,12,23,37,46,45,45,39,64,70,76,-7,-6,-9,-10,-10,-8,-8,-8,-8,-9,-8,-8,-17,-8,-8,-8,-5,0,0,20,16,18,10,10,6,12,10,14,16,16,6,4,4,4,6,4,6,24,0,0,0,0,0,0,0,0]} 1. d4 Nf6 2. c4 e6 3. Nc3 Bb4 4. Qc2 O-O 5. a3 Bxc3+ 6. Qxc3 b6 7. Bg5 Bb7 8. f3 h6 9. Bh4 d5 10. e3 Re8 11. Bd3 Nbd7 12. cxd5 exd5 13. Ne2 Qe7 {E32: Nimzo-Indian: Classical (4 Qc2): 4...0-0} 14. Bf2 (14. Qxc7 Nc5 15. Qxe7 Nxd3+ 16. Kd2 Rxe7 17. Kxd3 Ba6+ 18. Kd2 Rxe3 19. Nf4 Rb3 20. Kc2 Bc4 21. Bxf6 gxf6 22. Rhe1 Kf8 23. Rac1 {½-½ (23) Nikolov,M (2518)-Bachmann,A (2619) Albena 2014}) 14... c5 15. O-O Rac8 {White is slightly better.} 16. Rad1 cxd4 17. Qxd4 Nc5 $146 ({Predecessor:} 17... Ne5 18. Rc1 Nc6 {½-½ (18) Prudnikova,S (2390)-Podlesnik,B (2400) Ljubljana 1994}) 18. Bb5 Red8 19. Nc3 Ne6 20. Qe5 ({White should play} 20. Qh4 $14) 20... Rc5 21. b4 Qc7 22. Qxc7 Rxc7 23. Ne2 Bc6 24. Bd3 Ba4 25. Rd2 (25. Rc1 $16) 25... Ne4 $36 {[%mdl 2048] Black is pushing.} 26. Bxe4 dxe4 27. Rxd8+ Nxd8 28. Rc1 Rxc1+ 29. Nxc1 {[%mdl 4096] Endgame KBN-KBN} Bc6 30. fxe4 Bxe4 31. Ne2 f5 32. Nc3 Kf7 33. g4 g6 34. gxf5 gxf5 35. Bg3 Bd3 36. Kg2 Ne6 37. Bf4 h5 38. Kg3 Bc4 39. Bb8 a6 40. Ba7 b5 41. Bb8 Kf6 42. Bf4 Nf8 43. Kh4 Bf7 44. Ne2 Ng6+ {The position is equal.} 45. Kg3 Ne7 46. Nc3 Nd5 47. Nxd5+ Bxd5 {Accuracy: White = 58%, Black = 59%.} 1/2-1/2

[Event "Asian Zonal 3.3 2019"]
[Site "Ulaanbaatar"]
[Date "2019.04.07"]
[Round "1.11"]
[White "Boldoo, Erdenepurev"]
[Black "Bersamina, Paulo"]
[Result "0-1"]
[WhiteElo "2334"]
[BlackElo "2444"]
[Annotator "TA"]
[PlyCount "78"]
[EventDate "2019.04.07"]
[EventType "swiss"]
[EventRounds "9"]
[EventCountry "MGL"]
[SourceTitle "playchess.com"]
[Source "ChessBase"]
[SourceQuality "1"]

{[%evp 9,78,-9,-7,-2,9,0,0,-4,0,0,0,0,5,8,22,0,0,6,12,0,3,0,8,11,16,15,19,21,24,16,10,18,14,0,0,-201,-195,-236,-229,-262,-259,-241,-218,-358,-341,-618,-606,-929,-930,-875,-829,-810,-797,-1702,-1700,-1430,-1386,-1132,-1069,-10966,-822,-4786,-9015,-29975,-29976,-29978,-29979,-29979,-29980,-29971,-29972]} 1. d4 Nf6 2. c4 e6 3. Nc3 Bb4 4. Qc2 d5 5. Bg5 h6 6. Bxf6 {E34: Nimzo-Indian: Classical: 4...d5} Qxf6 7. e3 (7. a3 Bxc3+ 8. Qxc3 O-O 9. Nf3 c6 10. h4 Nd7 11. g4 Qe7 12. g5 h5 13. e3 dxc4 14. Bxc4 {½-½ (56) Mamedyarov,S (2808)-Anand,V (2759) Paris 2018}) 7... c5 8. cxd5 {The position is equal.} exd5 9. a3 Bf5 10. Bd3 $146 ({Predecessor:} 10. Qb3 cxd4 11. Qxb4 dxc3 12. bxc3 {½-½ (12) Pataki,G (2370)-Berczes,D (2415) Hungary 2007}) 10... Bxd3 11. Qxd3 Bxc3+ 12. bxc3 O-O 13. Ne2 c4 14. Qb1 Nc6 15. Qxb7 Rab8 16. Qd7 Rb2 {...Qg6 is the strong threat.} 17. Qxd5 Rfb8 {( -> ...Rxe2+)} 18. Rd1 $1 Rc2 $1 19. Nf4 ({Weaker is} 19. Qxc4 Rbb2 $17) 19... g5 20. Nh3 Qe6 21. Qc5 {And now 0-0 would win.} Ne7 $1 $40 {[%cal Bc6e7,Be7d5,Bd5c3,Bc3e4][%mdl 160] Black has some attack.} 22. d5 $2 {[#]} (22. O-O $11) 22... Nxd5 $1 $19 {[%mdl 512]} 23. O-O (23. Qxd5 Qxd5) 23... Nxc3 24. Rd6 Ne4 25. Rxe6 Nxc5 26. Rxh6 {[#]} (26. Rc6 {is a better defense.} Ne6 27. g3) 26... Ne6 $1 27. f4 $2 (27. g4 c3 28. Rxe6 {[%mdl 64] Remove Defender} fxe6 29. Nxg5) 27... Rbb2 28. Nxg5 Rxg2+ 29. Kh1 Nxg5 30. fxg5 {[%mdl 4096] Endgame KRR-KRR} c3 31. Rc1 Rgd2 32. Rf6 c2 33. Rff1 Rb3 34. Kg1 Rbd3 (34... Rxe3 $142 35. Ra1 Ree2) 35. h4 Rxe3 36. a4 Ree2 {Black mates.} 37. Rf4 Rd1+ {[%mdl 64] Double Attack} 38. Rf1 Rxc1 39. Rxc1 Rd2 {Accuracy: White = 45%, Black = 86%.} 0-1

[Event "Asian Zonal 3.3 2019"]
[Site "Ulaanbaatar"]
[Date "2019.04.07"]
[Round "1.12"]
[White "Nguyen, Van Huy"]
[Black "Garidmagnai, Byambasuren"]
[Result "1-0"]
[WhiteElo "2436"]
[BlackElo "2313"]
[Annotator "TA"]
[PlyCount "135"]
[EventDate "2019.04.07"]
[EventType "swiss"]
[EventRounds "9"]
[EventCountry "MGL"]
[SourceTitle "playchess.com"]
[Source "ChessBase"]
[SourceQuality "1"]

{[%evp 17,135,36,44,46,72,66,71,75,69,67,70,67,71,73,68,61,80,12,31,14,33,30,24,25,25,22,25,8,29,12,33,-10,52,36,54,60,80,10,2,0,106,20,93,101,93,92,87,71,123,119,112,121,201,198,254,262,272,255,321,312,307,307,330,328,354,353,429,427,410,413,469,451,461,408,476,440,514,500,534,534,502,441,415,476,465,470,466,437,482,529,532,524,855,850,766,759,750,737,4602,1629,29974,29974,29972,29967,29975,29976,29976,29976,29980,29973,29974,29975,29979,29980,29978,29979,29978,29979,29978,29979]} 1. d4 Nf6 2. c4 g6 3. Nc3 Bg7 4. e4 d6 5. Nf3 O-O 6. Be2 Na6 7. O-O e5 8. Be3 Ng4 9. Bg5 Qe8 10. Re1 {E94: King's Indian: Classical: 6 Be2 e5 7 0-0: Various Black 7th moves} h6 {[#] Strongly threatening ...exd4.} (10... exd4 11. Nd5 f6 12. Bf4 d3 13. Bxd3 Ne5 14. Bxe5 dxe5 15. c5 Rf7 16. Bxa6 bxa6 17. c6 Be6 {0-1 (52) Bacrot,E (2704)-Fressinet,L (2712) Calvi 2015}) 11. Bh4 Nf6 12. Bxf6 {White is better.} Bxf6 13. c5 Nb4 14. Nb5 Qe7 15. cxd6 cxd6 16. Qd2 Nc6 17. dxe5 (17. Qxh6 a6 $11) (17. d5 $16 Nd4 18. Nfxd4 exd4 19. Bf1) 17... Nxe5 18. Nc3 $146 (18. Qxh6 $2 Nxf3+ 19. Bxf3 Bg5 $19) ({Predecessor:} 18. Qxd6 Nxf3+ 19. Bxf3 Qxd6 20. Nxd6 Bxb2 {1-0 (61) Moreno Ruiz,J (2466)-Safranska,A (2301) Collado Villalba 2007}) 18... Be6 19. Nd4 ({Wrong is} 19. Qxh6 $2 Nxf3+ 20. Bxf3 (20. gxf3 $2 Bg5 $19 {[%mdl 64] Trapped Piece}) 20... Bg5 $19) 19... Bg7 20. Nxe6 fxe6 21. Rad1 Rad8 22. Qe3 a6 23. f4 Nc6 24. Rf1 b5 (24... g5 $11) 25. Kh1 $14 Kh7 26. Qb6 Nb8 27. Rd3 (27. g3 $16) 27... Nd7 $11 28. Qc7 $36 {[%mdl 2048] White has good play.} ({Reject} 28. Qxa6 Nc5 $17) 28... Bxc3 (28... d5 $11) 29. bxc3 ({White should try} 29. Rxc3 $16 Rc8 30. Qb7 (30. Qxc8 Rxc8 31. Rxc8 Nc5 $16) 30... Rxc3 31. bxc3) 29... Rc8 (29... d5 $1 $11 {keeps the balance.}) 30. Qxd6 $16 Qxd6 31. Rxd6 Nc5 32. g3 Rfd8 {[#]} ({Black should play} 32... Rcd8 33. Rfd1 Rxd6 34. Rxd6 e5) 33. Rfd1 $1 Rxd6 34. Rxd6 {[%mdl 4096] Endgame KRB-KRN} Kg7 (34... Nxe4 $16 {keeps fighting.} 35. Rxa6 (35. Rxe6 Nc5 $16) 35... Nxc3) 35. e5 $18 g5 (35... Kf7 {was necessary.} 36. Kg2 g5) 36. Kg2 gxf4 37. gxf4 Kf7 38. Bg4 Ke7 39. Kf3 Rc7 40. Ke3 a5 41. Kd4 h5 42. Be2 Nb7 43. Rb6 b4 44. cxb4 axb4 45. Rxb4 Nd8 {White must now prevent ...Nc6+.} 46. Rb2 h4 47. a4 Rc1 48. Bb5 Nb7 49. Rg2 Na5 50. Rg7+ Kf8 51. Rh7 Nb3+ 52. Ke4 Re1+ 53. Kd3 Nc5+ 54. Kc4 Nxa4 55. Bxa4 {KRB-KR} Re4+ 56. Kb5 Rxf4 57. Rh6 Kg7 58. Rxe6 h3 59. Bc2 {White mates.} Rf2 60. Be4 Rxh2 61. Rg6+ Kf7 62. Kc4 Re2 63. Rf6+ Ke7 64. Kd3 Ra2 65. Bd5 Ra5 66. Ke4 Ra4+ 67. Kf5 Rh4 68. Rf7+ {Accuracy: White = 74%, Black = 40%.} 1-0

[Event "Asian Zonal 3.3 2019"]
[Site "Ulaanbaatar"]
[Date "2019.04.07"]
[Round "1.13"]
[White "Chinguun, Bayaraa"]
[Black "Chinguun, Sumiya"]
[Result "0-1"]
[WhiteElo "2033"]
[BlackElo "2250"]
[Annotator "TA"]
[PlyCount "84"]
[EventDate "2019.04.07"]
[EventType "swiss"]
[EventRounds "9"]
[EventCountry "MGL"]
[SourceTitle "playchess.com"]
[Source "ChessBase"]
[SourceQuality "1"]

{[%evp 16,84,26,35,43,28,33,12,31,13,32,15,52,37,63,46,74,56,152,142,154,144,142,-11,-12,-4,1,-7,0,-20,-24,-70,0,0,0,-59,-60,-91,-86,-77,-73,-85,-82,-98,-98,-121,-117,-114,-96,-167,-161,-201,-208,-345,-329,-478,-468,-1098,-974,-883,-857,-925,-925,-29993,-29994,-29994,-29995,-29995,-29996,-29996,-29989]} 1. d4 Nf6 2. c4 e6 3. Nf3 d5 4. Nc3 a6 5. cxd5 exd5 6. Bg5 {D37: Queen's Gambit Declined: 5 Bf4} Be6 7. e3 Be7 (7... Nbd7 8. Bd3 h6 9. Bf4 g5 10. Bg3 Nh5 11. Be5 Nhf6 12. Bg3 Nh5 13. Ne2 Nxg3 14. Nxg3 {1-0 (61) Leko,P (2679)-Caruana,F (2832) Germany 2019}) 8. Bd3 Nbd7 9. O-O {LiveBook: 6 Games} c5 10. h3 O-O 11. Rc1 Rc8 12. a3 $146 ({Predecessor:} 12. Bb1 b5 13. dxc5 Nxc5 14. Nd4 b4 15. Nce2 Nfe4 16. Bf4 Qd7 17. f3 Nd6 {1-0 (41) Martinovic,S (2536)-Slogar,D (2332) Grubisno Polje 2014}) 12... b5 (12... c4 $5 {[%cal Rc4d3]} 13. Bb1 Qc7 $11) 13. Bb1 Re8 14. dxc5 Nxc5 15. Nd4 Qd7 16. b4 Nb7 (16... Nce4 $14 17. Nxe4 Nxe4 18. Rxc8 Qxc8 19. Bxe4 dxe4 20. Bxe7 Rxe7) 17. Qd3 $16 g6 18. Nxe6 fxe6 {[#]} 19. Qd4 $2 (19. e4 $1 $16) 19... Rc4 $11 20. Qd2 Rec8 21. Bd3 R4c7 22. h4 Nd6 23. Bf4 Nh5 (23... Nc4 $15 24. Qd1 Bd6) 24. Bxd6 Qxd6 25. Be2 (25. Bxb5 $1 $11 Bxh4 26. Bd3) 25... Qe5 $15 {[%cal Rc7c3]} 26. f4 Qf6 $36 {[%mdl 2048] White is under strong pressure.} 27. Bxh5 {Threatens to win with Bg4.} Rxc3 28. Bg4 Kf7 29. h5 Bd8 30. hxg6+ hxg6 31. Rxc3 Qxc3 ({Don't play} 31... Rxc3 $6 32. Rc1 $15) 32. Qe2 (32. Rd1 $17) 32... Bb6 $19 33. Re1 Rc4 34. Kh2 (34. g3 $142) 34... Re4 (34... Qxa3 $2 35. Qf2 $19) 35. Qf1 (35. Rd1 $142) 35... Bxe3 36. g3 {[#]} (36. Re2 $142 Bxf4+ 37. Kg1) 36... Bg1+ $1 {[%mdl 512]} 37. Qxg1 Rxe1 {KQR-KQB} 38. Qa7+ Kf6 {( -> ...Qd2+)} 39. Bf3 Qxf3 {[%csl Ge1][%cal Rf3h1] Black mates.} 40. Qd4+ Kf5 {[%csl Ge1][%cal Rf3h1]} 41. g4+ Kxg4 {[%csl Gg4][%cal Rf3h3]} 42. f5+ Qf4+ {Accuracy: White = 32%, Black = 53%.} 0-1

[Event "Asian Zonal 3.3 2019"]
[Site "Ulaanbaatar"]
[Date "2019.04.07"]
[Round "1.14"]
[White "Galmandakh, Badrakh"]
[Black "Chuluun, Gonchigdorj"]
[Result "1-0"]
[WhiteElo "2222"]
[BlackElo "1982"]
[Annotator "TA"]
[PlyCount "47"]
[EventDate "2019.04.07"]
[EventType "swiss"]
[EventRounds "9"]
[EventCountry "MGL"]
[SourceTitle "playchess.com"]
[Source "ChessBase"]
[SourceQuality "1"]

{[%evp 9,47,31,30,31,25,29,45,39,39,35,32,25,56,54,55,41,47,49,70,43,61,46,61,53,81,88,267,260,260,253,581,557,1816,1794,1269,696,829,814,705,466]} 1. e4 Nf6 2. d3 d5 3. e5 Nfd7 4. f4 Nb6 5. Nf3 Bg4 6. h3 {B02: Alekhine's Defence: Chase Variation and lines with early Nc3} Bxf3 7. Qxf3 e6 8. g3 {White is slightly better.} c5 9. Bg2 Nc6 10. c3 g6 $146 ({Predecessor:} 10... Qc7 11. O-O O-O-O 12. Na3 f5 13. exf6 gxf6 {1-0 (40) Strikovic,A (2560)-Laketic,G (2425) Niksic 1997}) 11. O-O h5 12. Be3 Qc7 13. Nd2 Be7 14. Rac1 O-O-O 15. a3 c4 16. b4 {[%cal Bb2b4,Bb4b5][%mdl 32]} cxd3 17. c4 dxc4 $2 {[#]} (17... Kb8 $16) 18. Nxc4 $18 Nxc4 19. Rxc4 {Black must now prevent b5.} Kb8 $2 (19... a6 {is more resistant.} 20. Qf2 d2) 20. b5 {White is clearly winning.} Nxe5 21. fxe5 Qd7 22. a4 d2 23. Rd1 Qd5 24. Qxd5 {Accuracy: White = 67%, Black = 31%.} 1-0

[Event "Asian Zonal 3.3 2019"]
[Site "Ulaanbaatar"]
[Date "2019.04.07"]
[Round "1.15"]
[White "Bulgankhan, Ganzorig"]
[Black "Tengis, Tsog-Ochir"]
[Result "1/2-1/2"]
[WhiteElo "1936"]
[BlackElo "2207"]
[Annotator "TA"]
[PlyCount "73"]
[EventDate "2019.04.07"]
[EventType "swiss"]
[EventRounds "9"]
[EventCountry "MGL"]
[SourceTitle "playchess.com"]
[Source "ChessBase"]
[SourceQuality "1"]

{[%evp 14,73,18,18,97,94,97,74,81,82,82,87,97,64,106,108,104,93,98,96,119,86,157,164,160,162,159,157,139,80,357,376,386,380,429,445,441,442,629,443,623,625,611,553,494,422,483,215,191,48,51,49,50,50,50,48,48,45,72,43,103,57]} 1. d4 Nf6 2. c4 g6 3. Nc3 d5 4. cxd5 Nxd5 5. Bd2 Bg7 6. e4 Nxc3 7. Bxc3 c5 8. d5 {LiveBook: 88 Games} e5 {D85: Exchange Grünfeld: Unusual White 7th moves and lines with 7 Nf3} (8... Bxc3+ $11 9. bxc3 O-O) (8... O-O 9. Qd2 e6 10. Bc4 exd5 11. Bxd5 Nd7 12. Bxg7 Kxg7 13. Ne2 Nb6 14. Nc3 Be6 15. O-O-O Qf6 16. h4 Bxd5 17. Nxd5 Nxd5 18. exd5 {½-½ (44) Tomashevsky,E (2701)-Kasimdzhanov,R (2706) Baku 2014}) 9. Nf3 $16 O-O 10. Bc4 $146 ({Much weaker is} 10. Nxe5 Qe8 $11) (10. Bxe5 Bxe5 11. Nxe5 Re8 $15) ({Predecessor:} 10. Nd2 Nd7 11. Be2 Rb8 12. a4 b6 13. O-O a6 14. b4 cxb4 15. Bxb4 Re8 16. Qb3 {½-½ (38) Vesterli,M (2123)-Moe,M (2161) Ballerup 2015}) 10... Bg4 11. h3 Bxf3 12. Qxf3 Qd6 13. O-O a6 14. a4 $36 {[%cal Ba2a4,Ba4a5][%mdl 2080] Keeping Black busy.} Nd7 15. a5 f5 16. Rab1 Kh8 17. Ba2 Rae8 (17... Rac8 $142) 18. b4 fxe4 19. Qxe4 Rf4 20. bxc5 Nxc5 21. Qc2 (21. Qe3 $142) 21... g5 $2 {[%mdl 8192]} (21... Ne4 $16) 22. Rb6 Qd7 23. Bd2 Ra4 24. Bb1 {[%csl Gb1][%cal Rc2h7] [#]} ({Less strong is} 24. Qxc5 Rxa2 25. Bxg5 Rc8 $18) 24... Bf8 25. Bxg5 e4 (25... Ne4 $142 26. Rxb7 Qxb7) 26. Be3 Rc8 (26... Qxd5 $142 27. Rc1 (27. Bxc5 Rc4 $16) 27... Rd4) 27. Rc1 $18 Qxd5 28. Rd1 Qc4 {Black hopes to continue with ...Qxc2.} 29. Qd2 Qf7 30. Qc3+ (30. Rc1 $142) 30... Bg7 31. Qxc5 (31. Qc2 $18 Rxa5 32. Rbd6) 31... Rxc5 $14 32. Rd8+ {[#]} Qf8 $1 {[%cal Rf8d8]} 33. Rxf8+ Bxf8 34. Bxc5 Bxc5 35. Rxb7 Rd4 36. h4 Bd6 (36... h6 $14) 37. Kf1 {Accuracy: White = 42%, Black = 31%.} 1/2-1/2

[Event "Asian Zonal 3.3 2019"]
[Site "Ulaanbaatar"]
[Date "2019.04.07"]
[Round "1.16"]
[White "Khin, Than"]
[Black "Khuslen, Altan-Ochir"]
[Result "1/2-1/2"]
[WhiteElo "2203"]
[BlackElo "1927"]
[Annotator "TA"]
[PlyCount "69"]
[EventDate "2019.04.07"]
[EventType "swiss"]
[EventRounds "9"]
[EventCountry "MGL"]
[SourceTitle "playchess.com"]
[Source "ChessBase"]
[SourceQuality "1"]

{[%evp 16,69,4,12,13,-14,0,0,0,0,25,0,0,-21,-32,-39,-10,-20,-14,-22,-18,-11,-14,-15,-24,-15,0,-7,0,5,3,-7,0,-2,0,0,0,-7,0,0,16,0,12,16,35,16,78,82,66,16,27,8,8,3,11,2]} 1. d4 d5 2. Nf3 Nf6 3. e3 e6 4. Bd3 c5 5. b3 Nc6 6. Bb2 Bd6 7. Nbd2 O-O 8. O-O b6 9. a3 Bb7 {D05: Colle System with ...e6} 10. Ne5 Ne7 11. Qf3 $146 (11. dxc5 bxc5 12. c4 Ng6 13. Nxg6 hxg6 14. cxd5 exd5 {½-½ (40) Nakamura,H (2763)-Le,Q (2715) chess.com INT 2018}) 11... Qc7 {[#] White must now prevent ...c4!} 12. Qh3 Ng6 {[%cal Rg6e5]} 13. Nxg6 (13. Ndf3 {with more complications.} Rfe8 14. a4 Rac8 15. Rfc1 cxd4 16. Bxg6 Bxe5 17. Nxe5 Qxe5 18. Bd3) 13... hxg6 14. c4 (14. f4 {seems wilder.} Rad8 15. dxc5 bxc5 16. Rae1 Be7 17. Rf2) 14... cxd4 15. exd4 e5 16. dxe5 Bxe5 17. Bxe5 Qxe5 18. Rfd1 Rad8 19. Bf1 Rfe8 20. cxd5 Nxd5 {[#] Strongly threatening ...Nf4.} 21. Nc4 $132 {[%mdl 2048] White is not holding back} Nf4 22. Qg4 Qf6 23. Rac1 Bd5 24. b4 Be6 25. Qg3 Rxd1 26. Rxd1 Bxc4 27. Bxc4 g5 28. h3 Qc6 29. Bf1 Qc2 30. Qf3 a5 (30... Qc8 $11 {remains equal.}) 31. g3 Ng6 32. Bd3 Qb3 33. Be4 Qxf3 34. Bxf3 axb4 35. axb4 {Accuracy: White = 49%, Black = 43%.} 1/2-1/2